|
|
|
|
| LEADER |
00000nam a22000007a 4500 |
| 005 |
20200714010941.0 |
| 007 |
cr|||| |||| |
| 008 |
200714s2013 br |||||s|||| 00||0 por d |
| 020 |
|
|
|a 978-85-8248-001-4
|
| 035 |
|
|
|a 31788
|
| 040 |
|
|
|a vLex
|
| 090 |
|
|
|c 10618
|d 10618
|
| 100 |
1 |
|
|a Vidal, Mr̀cio
|
| 245 |
1 |
0 |
|a Aė̳s e Palavras
|h [Recurso electrn̤ico] /
|c Mr̀cio Vidal
|
| 256 |
|
|
|a Servicio en ln̕ea
|
| 260 |
|
|
|a San Pablo:
|b Letras Jurídicas Editora,
|c 2013
|
| 300 |
|
|
|a 1 recurso electrn̤ico
|
| 500 |
|
|
|a Este livro traz um tt̕ulo que enfeixa, em sn̕tese, fazeres e dizeres, signos estes indissociv̀eis, em minha perspectiva de desenvolvimento de atividades voltadas para a coisa pb︢lica.
|
| 506 |
1 |
|
|a Disponible solo en los productos indicados
|d vLex Global
|d vLex Global (Academic Edition, excluding Law Schools)
|d vLex Global (U.S. Academic Edition, Law Schools)
|d vLex Global (U.S. Academic Edition, excluding Law Schools)
|d vLex Global (Academic Edition, Law Schools)
|
| 650 |
0 |
4 |
|a Derecho Pb︢lico y Administrativo
|z Brasil
|
| 650 |
0 |
4 |
|a Literatura
|z Brasil
|
| 740 |
0 |
|
|a vLex Libros (Servicio en ln̕ea)
|
| 856 |
4 |
0 |
|u http://vlex.com/source/a-es-e-palavras-31788
|z Acceso restringido
|
| 942 |
|
|
|c BOOK
|
| 999 |
0 |
|
|a Public and Administrative Law
|
| 999 |
0 |
|
|a Literature
|